Tropical crop-livestock systems in conservation agriculture : (Record no. 14668)

000 -LEADER
fixed length control field 00714cam a22002057a 4500
020 ## - INTERNATIONAL STANDARD BOOK NUMBER
ISBN 9789251056929
020 ## - INTERNATIONAL STANDARD BOOK NUMBER
ISBN 9251056927
040 ## - CATALOGING SOURCE
Transcribing agency UKM
082 04 - DEWEY DECIMAL CLASSIFICATION NUMBER
Classification number 338 FOO 2007 A068 Or.
100 1# - MAIN ENTRY--AUTHOR NAME
Personal name Landers, John N.
245 10 - TITLE STATEMENT
Title Tropical crop-livestock systems in conservation agriculture :
Remainder of title the Brazilian experience /
260 ## - PUBLICATION, DISTRIBUTION, ETC. (IMPRINT)
Place of publication Rome :
Name of publisher Food and Agriculture Organization of the United Nations,
Year of publication 2007.
300 ## - PHYSICAL DESCRIPTION
Number of Pages ix, 92 p. :
Other physical details ill. (chiefly col.), 1 col. map ;
Dimensions 25 cm.
650 #0 - SUBJECT ADDED ENTRY--TOPICAL TERM
Topical Term Sustainable agriculture
650 #0 - SUBJECT ADDED ENTRY--TOPICAL TERM
Topical Term Sustainable agriculture
650 #0 - SUBJECT ADDED ENTRY--TOPICAL TERM
Topical Term Forests and forestry
650 #0 - SUBJECT ADDED ENTRY--TOPICAL TERM
Topical Term Forests and forestry
710 2# - ADDED ENTRY--CORPORATE NAME
Corporate name or jurisdiction name as entry element Food and Agriculture Organization of the United Nations.
942 ## - ADDED ENTRY ELEMENTS (KOHA)
Koha item type សៀវភៅភាសាអង់គ្លេស
952 ## - LOCATION AND ITEM INFORMATION (KOHA)
Withdrawn status [LOCAL, KOHA] 0
Holdings
Permanent Location Date acquired Koha item type Lost status Shelving location Barcode Current Location Full call number
Library Block A2017-10-24សៀវភៅភាសាអង់គ្លេស A068RUA060172Library Block A338 FOO 2007 A068 Or.
មជ្ឈមណ្ឌលឯការនៃសាកលវិទ្យាល័យភូមិន្ទកសិកម្មចំការដូង

Powered by Koha